000 07839cam a2201825 4500
008 090401t1998 xxu||||| |||| 00| 0 eng d
020 _a0854068872
035 _a(Sirsi) u90397
041 0 _aeng
050 0 4 _a630.072 $2 18
111 2 _aRoyal Institution of Chartered Surveyors Rural Practice Research Conference
_d(14-15 April 1998
_cCambridge, UK)
245 0 0 _aROOTS '98
_bthe proceedings of the RICS rural practice research conference held at the Wilson Centre, Fitzwilliam College, University of Cambridge, on 14-15 April 1998
_h[electronic resource]
260 _aLondon
_bRICS
_c1998
300 _a271p.
_c30cm.
350 _a24.95
490 _aRICS Research
505 _aComprehensive project evaluation: testing the available methodologies -- Making a case for integrated rural support -- Management agreements in Sites of Special Scientific Interest: reforming the law -- Nature conservation, set-aside and arable farming: current constraints and future prospects -- Numeracy amongst higher education students in agriculture and land management: a case study -- Property institutions and the provision of countryside goods -- Round table discussion: the rural land manager as environmental steward -- Tenancy trends in Latin America and Africa: a literature review -- The comparative efficiency of British agriculture: implications for the countryside -- The emerging shape of farm business tenancies -- The future of the Common Agricultural Policy -- The impact of the Swynnerton, Telford and Shifnal NVZ's on five farms: a case study -- The measurement of average farm size -- The present day functions of the English market town: a comparison between 'remote' and 'accessible' rural areas.
650 _aENVIRONMENTAL AND LAND CONSULTANCY-AGRIBUSINESS-AGRICULTURE
650 _aANIMAL WELFARE
650 _aCOMMON AGRICULTURAL POLICY
650 _aFARM BUSINESS TENANCIES
650 _aMANAGEMENT AGREEMENTS
650 _aMARKET TOWNS
650 _aNATURE CONSERVATION
650 _aPROJECT EVALUATION
650 _aROOTS
650 _aSITES OF SPECIAL SCIENTIFIC INTEREST
690 _aRURAL PRACTICE
700 1 _aUff, John
700 1 _aGubbay, Susan
700 1 _aMorton, Crawford William
700 1 _aGay, Simon
700 1 _aNeve, Paul
700 1 _aPutwain, Phil
700 1 _aPowis, Paul
700 1 _aWatt, David S.
700 1 _aBaum, Andrew
700 1 _aLund, Philip
700 1 _aVallega, Adalberto
700 1 _aBuys, Fanie
700 1 _aShilling, James D.
700 1 _aMalpezzi, Steve
700 1 _aParsons, Stephen
700 1 _aBosch, Luuk
700 1 _aBowler, Bob
700 1 _aCrosby, Neil
700 1 _aMurdoch, Sandi
700 1 _aLastrarria-Cornheil, Susana
700 1 _aSmith, Hance
700 1 _aBaldry, David
700 1 _aBoon, Ann
700 1 _aKernon, Tony
700 1 _aKometa, Simon
700 1 _aEves, Chris
700 1 _aCowap, Charles
700 1 _aSaville, Mark
700 1 _aBattle, John
700 1 _aStrickland, Hugh
700 1 _aSparrow, Andrew
700 1 _aKing, John
700 1 _aBelcher, Robert
700 1 _aLizieri, Colin
700 1 _aDobson, Richard
700 1 _aBateman, Gordon
700 1 _aBarlow, James
700 1 _aHowson, Mark
700 1 _aThompson, Ian
700 1 _aBradford, Katie
700 1 _aEgan, C.
700 1 _aBryant, J.
700 1 _aErrington, Andrew
700 1 _aMillard, Nick
700 1 _aWhitehead, Ian
700 1 _aMenzies, Ian
700 1 _aPlant, Jane
700 1 _aAsbury, Norton
700 1 _aLocke, Duncan
700 1 _aParrish, Frank
700 1 _aBowen, Paul
700 1 _aAdair, Alastair
700 1 _aMatzdorf, Dave
700 1 _aNicholls, Bob
700 1 _aGausden, Christine
700 1 _aMay, Michael
700 1 _aHolmes, George
700 1 _aClark, Bryan
700 1 _aEdge, John
700 1 _aCapper, Phillip
700 1 _aHatton, William
700 1 _aKatz, Rhoda
700 1 _aSilver, Simon
700 1 _aGittens, Paul
700 1 _aParrack, Tony
700 1 _aMorey-Smith, Linda
700 1 _aDouey, Patricia
700 1 _aBurgon, Jo
700 1 _aYang, Zhengrong
700 1 _aRatcliffe, John
700 1 _aMorris, Nick
700 1 _aRodgers, Christopher P.
700 1 _aBingham, Tony
700 1 _aVoaden, William
700 1 _aOwen, Susan
700 1 _aRichards, Mark
700 1 _aCooksley, Karen
700 1 _aBurnett, Rachel
700 1 _aFawcus, Bill
700 1 _aJaunzens, Denice
700 1 _aDubben, Nigel
700 1 _aMcIntosh, Angus
700 1 _aDavies, Dafydd
700 1 _aKendall, John
700 1 _aRenger, Mike
700 1 _aNewman, Kim
700 1 _aMcLocklin, Neil
700 1 _aGillett, Paul
700 1 _aWatts, Ray
700 1 _aSell, David
700 1 _aThompson, Derek
700 1 _aCouch, Chris
700 1 _aHodge, Ian
700 1 _aRaynsford, Nick
700 1 _aHarper, David
700 1 _aBarrett, Peter
700 1 _aFreeman-Bell, Gail
700 1 _aGrover, Richard
700 1 _aTaylor, Alan
700 1 _aGregory, Stuart
700 1 _aGuest, David
700 1 _aCook, Sara
700 1 _aD'Arcy, Eamonn
700 1 _aSturgess, Ian
700 1 _aPrice, Jennie
700 1 _aSheard, E. Martin
700 1 _aFox, Peter
700 1 _aMcNamara, Terry
700 1 _aMcIntosh, Angus
700 1 _aSimcock, Mark
856 4 0 _uhttps://www.rics.org/Global/Downloads/ComprehensiveProjectEvaluationTesting199801.pdf
_zView 'Comprehensive project evaluation: testing the available methodologies' at www.rics.org
856 4 0 _uhttps://www.rics.org/Global/Downloads/making__a_case_for__rural_integrated_support_19980101.pdf
_zView '' at www.rics.org
856 4 0 _uhttps://www.rics.org/Global/Downloads/ManagementAgreementsSitesSpecialScientificInterest199801.pdf
_zView 'Making a case for integrated rural support' at www.rics.org
856 4 0 _uhttps://www.rics.org/Global/Downloads/nature_conservation_set_aside_and_arable_farming_19980101.pdf
_zView 'Management agreements in sites of special scientific interest: reforming the law' at www.rics.org
856 4 0 _uhttps://www.rics.org/Global/Downloads/property__institutions__and_the__provision_of_countryside_goods_19980101.pdf
_zView '' at www.rics.org
856 4 0 _uhttps://www.rics.org/Global/Downloads/ComparativeEfficiencyBritishFarming19980101.pdf
_zView '' at www.rics.org
856 4 0 _uhttps://www.rics.org/Global/Downloads/EmergingShapeFarmBusinessTenancies19980101.pdf
_zView 'Nature conservation, set-aside and arable farming: current constraints and future prospects' at www.rics.org
856 4 0 _uhttps://www.rics.org/Global/Downloads/the__future__of_the_Common_Agricultural_Policy_19980101.pdf
_zView 'Property institutions and the provision of countryside goods' at www.rics.org
856 4 0 _uhttps://www.rics.org/Global/Downloads/ImpactSwynnertonTelfordShifnalNitrate1998.pdf
_zView 'The comparative efficiency of British agriculture: implications for the countryside -- ' at www.rics.org
856 4 0 _uhttps://www.rics.org/Global/Downloads/MeasurementAverageFarm19980101.pdf
_zView 'The emerging shape of Farm Business Tenancies.' at www.rics.org
856 4 0 _uhttps://www.rics.org/Global/Downloads/PresentDayFunctionsEnglishMarketTown19980101.pdf
_zView 'The future of the Common Agricultural Policy.' at www.rics.org
856 4 0 _u
_zView 'The impact of the Swynnerton and Telford and Shifnal Nitrate Vulnerable Zones on five farms: a case study' at www.rics.org
856 4 0 _u
_zView 'The measurement of average farm size' at www.rics.org
856 4 0 _u
_zView 'The present day functions of the English market town' at www.rics.org
942 _n0
948 _c21/12/1998
999 _c97550
_d97550